Science Quiz

Random Science or Anatomy Quiz

Pick the Skull Bones Quiz Stats

 Plays Quiz Updated Jul 13, 2017

Support Sporcle.
Go Orange.
Score 0/17 Timer 02:00
5 Plays Today
% Correct
frontal
89.5%
mandible
89.5%
occipital
88.6%
nasal
87.7%
inferior nasal conchae
87%
maxilla
85.9%
temporal
82.9%
parietal
82.5%
ethmoid
75.4%
% Correct
zygomatic
75.4%
lacrimal
72.2%
sphenoid
69.7%
vomer
64.1%
palatine
61.5%
malleus
52.9%
incus
52.7%
stapes
52.4%

From the Vault

'E' Game

by Matt

Edifying encyclopedias everywhere enjoy entertaining elephants.
Remove Ads.
Support Sporcle.
Get the best of Sporcle when you Go Orange. This ad-free experience offers more features, more stats, and more fun while also helping to support Sporcle. Thank you for becoming a member.

Show Comments

Extras

Top Quizzes Today


Score Distribution

Your Account Isn't Verified!

In order to create a playlist on Sporcle, you need to verify the email address you used during registration. Go to your Sporcle Settings to finish the process.

Report this User

Report this user for behavior that violates our Community Guidelines.

Details: